000 00919pam a2200265 a 4500
001 1478354
003 OSt
005 20160426135544.0
008 870901s1989 enka b 001 0 eng
010 _a 87024624
020 _a0521304202
040 _aDLC
_cDLC
_dDLC
050 0 0 _aQC21.2
_b.N49 1989
082 0 0 _a530
_219
_bTHE 2000
245 0 4 _aThe New physics /
_cedited by Paul Davies.
260 _aCambridge [Cambridgeshire] ;
_aNew York :
_bCambridge University Press,
_c2000.
300 _a516 p. :
_bcol.ill;
_c26 cm.
504 _aIncludes bibliographical references and index.
650 0 _aPhysics.
_9809
700 1 _aDavies, P. C. W.
_98295
856 4 2 _3Publisher description
_uhttp://www.loc.gov/catdir/description/cam032/87024624.html
856 4 1 _3Table of contents
_uhttp://www.loc.gov/catdir/toc/cam032/87024624.html
906 _a7
_bcbc
_corignew
_d1
_eocip
_f19
_gy-gencatlg
942 _2ddc
_cSLOAN
999 _c3765
_d3765